000 00535nam a2200193Ia 4500
005 20250326141258.0
008 250326s9999 xx 000 0 und d
020 _a81-85814-22-8
037 _aTextbook
040 _aFMSL
_beng
_cFMSL
041 _aeng
_2eng
084 _aX:87 N4
_qFMSL
100 _aWakhlu B
_9744066
245 0 _aTotal quality : excellence through organization
_cWakhlu B
260 _aNew Delhi
_bNew Delhi, Wheeler
_c1994
300 _a287p
942 _cTB
_hX:87 N4
999 _c1289570
_d1289570